It looks like you're offline.
Open Library logo
additional options menu

MARC record from Internet Archive

LEADER: 01845cam 22004814a 4500
001 ocm43296552
003 OCoLC
005 20180424132527.0
008 000106s2000 wiua 001 0 eng
010 $a 00020537
040 $aDLC$beng$cDLC$dBAKER$dBTCTA$dYDXCP$dIG#$dOCLCO$dOCLCF$dOCLCQ$dOCLCO$dOCLCQ
020 $a0760309000$q(pbk. ;$qalk. paper)
020 $a9780760309001$q(pbk. ;$qalk. paper)
035 $a(OCoLC)43296552
042 $apcc
050 00 $aTL236.3$bB57 2000
082 00 $a629.228/6$221
100 1 $aBishop, Mike,$d1937-
245 10 $aHow to build a traditional Ford hot rod /$cMike Bishop and Vern Tardel ; illustrations by Steve Amos.
250 $aRev. ed.
260 $aOsceola, WI :$bMBI Pub. Co.,$c2000.
300 $a160 pages :$billustrations ;$c27 cm
336 $atext$btxt$2rdacontent
337 $aunmediated$bn$2rdamedia
338 $avolume$bnc$2rdacarrier
500 $aIncludes index.
650 0 $aHot rods$xDesign and construction.
650 0 $aFord Model A automobile$xCustomizing.
650 0 $aFord Model A automobile$xParts.
650 7 $aFord Model A automobile$xCustomizing.$2fast$0(OCoLC)fst00931634
650 7 $aFord Model A automobile$xParts.$2fast$0(OCoLC)fst00931636
650 7 $aHot rods$xDesign and construction.$2fast$0(OCoLC)fst00961680
700 1 $aTardel, Vern.
856 42 $3Publisher description$uhttp://catdir.loc.gov/catdir/enhancements/fy0660/00020537-d.html
938 $aBaker & Taylor$bBKTY$c25.95$d19.46$i0760309000$n0003478351$sactive
938 $aBaker and Taylor$bBTCP$n00020537
938 $aIngram$bINGR$n9780760309001
938 $aYBP Library Services$bYANK$n1812378
029 1 $aAU@$b000021282833
029 1 $aIG#$b9780760309001
029 1 $aNZ1$b5481053
994 $aZ0$bPMR
948 $hNO HOLDINGS IN PMR - 124 OTHER HOLDINGS